Go! microsoft excel 2013 (Registro nro. 7794)

Detalles MARC
000 -Cabecera
Campo de control de longitud fija 00736nam a22002657a 4500
005 - Fecha y hora de la última transacción
Campo de control 20250701121736.0
008 - Elementos de longitud fija--Información general
Campo de control de longitud fija 160307b2014 xxu||||| |||| 00| 0 spa d
020 ## - International Standard Book Number
Número Internacional Estándar del Libro (ISBN) 9786073229067
041 ## - Idioma
Código de idioma Español
082 ## - Clasificación Decimal Dewey
Número de clasificación 005.54 G248g
Número de documento/ítem G248g
100 ## - Entrada principal--Autor personal
Nombre personal Gaskin, Shelley
100 ## - Entrada principal--Autor personal
Nombre personal Vargas, Alicia
245 ## - Título propiamente dicho
Título Go! microsoft excel 2013
260 ## - Pie de imprenta
Lugar de publicación, distribución, etc. México
Nombre del editor, distribuidor, etc. Pearson Educación
Fecha de publicación, distribución, etc. 2014
300 ## - Descripción física
Extensión 216 páginas
490 ## - Serie
Título de la Serie Dirección y Administración de Empresas
490 ## - Serie
Título de la Serie Secretariado Ejecutivo
490 ## - Serie
Título de la Serie Tecnologías de la Información
650 ## - Materia general
Temática (materia general) EXCEL 2013
650 ## - Materia general
Temática (materia general) GRÁFICOS POR COMPUTADORA
650 ## - Materia general
Temática (materia general) HOJA DE CÁLCULO
650 ## - Materia general
Temática (materia general) ANÁLISIS DE DATOS
650 #0 - Materia general
Temática (materia general) FUNCIONES
942 ## - Punto de acceso adicional KOHA
Tipo de ítem KOHA Libro
Fuente del sistema de clasificación o colocación Dewey Decimal Classification
Existencias
Signatura completa Código de barras Programa Académico Tipo de ítem
005.54 G248g 20731   Libro
005.54 G248g 20732   Libro